000 00472 a2200193 4500
001 110489
020 _a9781554532285
041 _apor
090 _aP Year 5 428
100 _aEdwards, Wallace.
250 _a1st pbk. ed.
300 _a[32] p.
697 _aEnglish language - Idioms.
856 _u000019/000019ef.jpg
040 _aBR-BrIDEA
_cBR-BrIDEA
245 1 0 _aMonkey business
_c Wallace Edwards
260 _a[S.l.]
_bKids Can Press
_c2008
942 _cBK
999 _c110489
_d110489